| 000 | 00834nam a2200217 a 4500 | ||
|---|---|---|---|
| 001 | 000046739 | ||
| 005 | 20250116162810.0 | ||
| 008 | 140610s2015 dr a 000 0 spa d | ||
| 020 | _a9789945898040 | ||
| 040 |
_aDO-SdBNP _bspa _cBNPHU |
||
| 082 |
_axxxx _bxxxx |
||
| 100 | 1 |
_aGonzález, Wara _974669 |
|
| 245 | 1 | 0 |
_aCuaderno de actividades : _bpara niños y niñas de 1er. a 4to. grado / _cWara González. |
| 260 |
_aSanto Domingo : _bOEI _bMINERD, _c2015. |
||
| 300 |
_a2 v. : _bil. ; _c28 cm. |
||
| 490 | 1 | _aSistema integral de apoyo a los aprendizajes | |
| 590 | _aInventariado, 2018/ YL | ||
| 710 | 2 |
_aOrganización de Estados Iberoamericanos para la Educación, la Ciencia y la Cultura _929137 |
|
| 710 | 1 |
_aRepública Dominicana _bMinisterio de Educación _972019 |
|
| 830 | 0 |
_aSistema integral de apoyo a los aprendizajes _974671 |
|
| 999 |
_c46228 _d46228 |
||